Normal view MARC view
  • Gartmann, Heinz

Entry Personal Name

Number of records used in: 1

001 - CONTROL NUMBER

  • control field: 113716

003 - CONTROL NUMBER IDENTIFIER

  • control field: NUST

005 - DATE AND TIME OF LATEST TRANSACTION

  • control field: 20230719093906.0

008 - FIXED-LENGTH DATA ELEMENTS

  • fixed length control field: 230719|| aca||aabn | a|a d

040 ## - CATALOGING SOURCE

  • Original cataloging agency: NUST
  • Transcribing agency: NUST

100 ## - HEADING--PERSONAL NAME

  • Personal name: Gartmann, Heinz

670 ## - SOURCE DATA FOUND

  • Source citation: Work cat.: (NUST)183143: Gartmann, Heinz, Science As History:, 1960
© 2023 Central Library, National University of Sciences and Technology. All Rights Reserved.